MARC

LEADER 00000nam0a2200000 4500
001 308947
005 20231102002137.0
035 |a (RuTPU)RU\TPU\book\334268 
090 |a 308947 
100 |a 20151109d1981 km y0rusy50 ca 
101 0 |a rus 
102 |a RU 
105 |a a z 001zy 
200 1 |a Пожарная безопасность музеев, картинный галерей, выставок и памятников культуры  |f И. С. Марченко, Н. Ф. Бубырь 
205 |a 2-е изд., перераб. и доп. 
210 |a Москва  |c Стройиздат  |d 1981 
215 |a 111 с.  |c ил. 
320 |a Библиогр.: с. 108 
606 1 |a Музеи  |x Пожарная охрана  |2 stltpush  |3 (RuTPU)RU\TPU\subj\44562  |9 63875 
610 1 |a картинные галереи 
610 1 |a выставки 
610 1 |a памятники архитектуры 
610 1 |a памятники культуры 
610 1 |a пожарная безопасность 
610 1 |a пожарная техника 
610 1 |a пожарная автоматика 
610 1 |a пожарная сигнализация 
675 |a 699.81  |v 4 
700 1 |a Марченко  |b И. С.  |g Иван Степанович 
701 1 |a Бубырь  |b Н. Ф.  |g Николай Федотович 
801 1 |a RU  |b 63413507  |c 20151109 
801 2 |a RU  |b 63413507  |c 20191025  |g RCR 
942 |c BK